| 000 | 00555nam a2200169Ia 4500 | ||
|---|---|---|---|
| 008 | 090201s9999 xx 000 0 und d | ||
| 010 | _aKPL-39088 | ||
| 040 | _bमराठी | ||
| 041 | _aमराठी | ||
| 082 |
_a22892 _b39088 |
||
| 100 | _aशशिकला मेहता | ||
| 245 |
_aअनार की कश्मीरा _cशशिकला मेहता |
||
| 260 |
_c2004 _bसुवर्णा प्रकाशन |
||
| 300 |
_a194 _bलहान |
||
| 600 | _aअनार की कश्मीरा | ||
| 942 | _cBOOK | ||
| 999 |
_c222402 _d222402 |
||